[Event "GER-chT U18 Girls reserves"]
[Site "Germany"]
[Date "2011.05.13"]
[Round "2"]
[White "Liez, Franziska"]
[Black "Meinschien, Silke"]
[Result "1-0"]
[WhiteElo "1441"]
[BlackElo "800"]
[PlyCount "65"]
[EventDate "2011.05.13"]
[EventType "team-swiss"]
[EventRounds "7"]
[EventCountry "GER"]
[SourceTitle "EXT 2012"]
[Source "ChessBase"]
[SourceDate "2011.11.24"]
[SourceVersion "1"]
[SourceVersionDate "2011.11.24"]
[SourceQuality "1"]
[WhiteTeam "Limburg Mariens (W)"]
[BlackTeam "Stade Athenaeum (W)"]
[WhiteTeamCountry "GER"]
[BlackTeamCountry "GER"]

1. e4 d6 2. d4 Nf6 3. Nc3 g6 4. Nf3 Bg7 5. Bc4 0-0 6. h3 c5 7. Be3 b6 8. Qe2 Nc6 9. 0-0-0 cxd4 10. Nxd4 Nxd4 11. Bxd4 Bb7 12. f4 d5 13. Bxf6 Bxf6 14. Nxd5 e6 15. Ne3 Qc7 16. e5 Be7 17. Bb3 Rad8 18. Rxd8 Rxd8 19. h4 h5 20. Rh3 Rd7 21. g4 Bd5 22. Nxd5 exd5 23. gxh5 gxh5 24. Qxh5 Qc6 25. Rg3+ Qg6 26. Rxg6+ fxg6 27. Qxg6+ Kf8 28. h5 Bh4 29. Qf5+ Rf7 30. Qc8+ Kg7 31. Qg4+ Kf8 32. Qxh4 Rh7 33. Bxd5 1-0